| 000 | 01977 a2200301 4500 | ||
|---|---|---|---|
| 001 | 39720 | ||
| 005 | 20260407155654.0 | ||
| 008 | 260407a1987 arg spa d | ||
| 003 | AR-UNSa-BCEJYS | ||
| 040 |
_aAR-UNSa-BCEJYS _bspa _cAR-UNSa-BCEJYS |
||
| 080 |
_a347 _xDerecho Civil |
||
| 245 | 1 | 0 | _aProyecto de Ley sobre unificación de la Legislación Civil y Comercial |
| 264 | 1 |
_aCórdoba : _bAcademia Nacional de Derecho y Ciencias Sociales de Córdoba _c1987 |
|
| 300 |
_a511 p. _c21 cm. |
||
| 505 | _a1. Una aproximación al proyecto de unificación ligislativa civil y comercial - 2. Proyecto de unificación de la legislación civil y comercial - 3. Unificación de la legislación civil y comercial - 4. En torno al proyecto de unificación del derecho privado, empresa y sociedad como base del nuevo derecho mercantil - 5. Proyecto de ley de unificación de la legislación civil y comercial de la Nación - 6. Sobre el proyecto de ley de unificación de la legislación civil y comercial - 7. Unificación de la legislación civil y comercial - 8. El plexo normativo: el finalismo de las leyes, los usos y costumbres - 9. VI Reunión conjunta de Academias Nacionales de Derecho y Ciencias Sociales: El régimen concursal en el proyecto de ley de unificación de la legislación civil y comercial - 10. Prescripción - 11. Contratos asociativos - 12. Fuentes de derecho en el proyecto de unificación (Art. 16) - 13. Personas jurídicas - 14. Sobre el Art. 1151 (2º apartado) del proyecto de unificación. | ||
| 041 | _aspa | ||
| 942 | _cBK | ||
| 590 | _aniveau_biblio:m niveau_hierar:0 | ||
| 100 | 1 | _aAcademia Nacional de Derecho y Ciencias Sociales de Córdoba | |
| 700 | 1 | _aBrebbia, Roberto H. | |
| 700 | 1 | _aCamara, Héctor R. | |
| 700 | 1 | _aCarranza, Jorge A. | |
| 700 | 1 | _aCornejo Costas, Emilio | |
| 700 | 1 | _aMoisset de Espanés, Luis | |
| 700 | 1 | _aMosset Iturraspe, Jorge | |
| 700 | 1 | _aNovillo Saravia, Lisardo | |
| 700 | 1 | _aRichard, Efraín Hugo | |
| 999 |
_c3101 _d3101 |
||